000 00582nam a2200193 i 4500
001 39033
003 ES-MaACL
005 20250808020342.0
007 t|
008 030227s1957 sp ||||1| spa d
100 1 _aCalzada, Luciano de la.
_933940
245 1 0 _aEstampas de un reinado /
_cLuciano de la Calzada.
260 _aMadrid :
_bAfrodisio Aguado,
_c[1957] (
_fEscelicer)
300 _a205 p., 15 lám. ;
_c24 cm.
490 1 _aVida e historia ;
_v9
830 0 0 _aVida e historia
_v9
_9180776
852 _aES-MaACL
_jC-13780
_bR.41477
999 _c39033
_d39033